Pro/ENGINEER Wildfire : (Record no. 595488)
[ view plain ]
| 000 -LEADER | |
|---|---|
| fixed length control field | 00356nam a22001337a 4500 |
| 020 ## - INTERNATIONAL STANDARD BOOK NUMBER | |
| International Standard Book Number | 1585031135 |
| 040 ## - CATALOGING SOURCE | |
| Transcribing agency | NUST |
| 082 ## - DEWEY DECIMAL CLASSIFICATION NUMBER | |
| Classification number | 620.0042 TOO-P |
| 100 ## - MAIN ENTRY--PERSONAL NAME | |
| Personal name | Toogood, Roger |
| 9 (RLIN) | 58576 |
| 245 ## - TITLE STATEMENT | |
| Title | Pro/ENGINEER Wildfire : |
| Remainder of title | Tutorial and Multimedia CD |
| 260 ## - PUBLICATION, DISTRIBUTION, ETC. | |
| Place of publication, distribution, etc. | USA: |
| Name of publisher, distributor, etc. | SDC Publisher, |
| Date of publication, distribution, etc. | 2003. |
| 650 ## - SUBJECT ADDED ENTRY--TOPICAL TERM | |
| Topical term or geographic name entry element | Pro/ENGINEER Wildfire |
| 9 (RLIN) | 58577 |
| 942 ## - ADDED ENTRY ELEMENTS (KOHA) | |
| Source of classification or shelving scheme | |
| Koha item type | Book |
| Withdrawn status | Lost status | Source of classification or shelving scheme | Damaged status | Not for loan | Permanent Location | Current Location | Shelving location | Date acquired | Full call number | Barcode | Date last seen | Price effective from | Koha item type | Public note |
|---|---|---|---|---|---|---|---|---|---|---|---|---|---|---|
| College of Electrical & Mechanical Engineering (CEME) | College of Electrical & Mechanical Engineering (CEME) | General Stacks | 08/11/2023 | 620.0042 TOO-P | CEME-41041 | 08/11/2023 | 08/11/2023 | Book | 4.1 | |||||
| College of Electrical & Mechanical Engineering (CEME) | College of Electrical & Mechanical Engineering (CEME) | General Stacks | 08/11/2023 | 620.0042 TOO-P | CEME-41042 | 08/11/2023 | 08/11/2023 | Book | 4.1 |
